| 000 | 00739nam a22002537a 4500 | ||
|---|---|---|---|
| 999 |
_c312627 _d312627 |
||
| 001 | 26307 | ||
| 003 | UA-OsUOA | ||
| 005 | 20200214095634.0 | ||
| 007 | ta | ||
| 008 | 20040526b un ||||| |||| 00| 0 ukr d | ||
| 040 |
_aUA-OsUOA _brus _cUA-OsUOA _dUA-OsUOA |
||
| 041 | _arus | ||
| 044 | _aRU | ||
| 080 | _a517:09 | ||
| 090 |
_a517:09 _bД25 |
||
| 100 | _aШарль-Жан де ла Валле-Пуссен | ||
| 245 | _aКурс анализа бесконечно малых | ||
| 260 |
_aПетроград _bНаучное книгоиздательство _c1922 |
||
| 300 | _a488 с. | ||
| 650 | 7 | _209 Рукописи. Раритети і рідкісні видання. | |
| 650 | 7 | _2517 | |
| 942 |
_cRB _2udc |
||
| 955 | _a2 | ||